|
|
|
|
| LEADER |
01930nam a2200433 i 4500 |
| 001 |
EBC5261494 |
| 003 |
MiAaPQ |
| 005 |
20200520144314.0 |
| 006 |
m o d | |
| 007 |
cr cnu|||||||| |
| 008 |
180302t20182018enka ob 001 0 eng d |
| 020 |
|
|
|z 9781119289012
|
| 020 |
|
|
|a 9781119289005
|q (electronic bk.)
|
| 035 |
|
|
|a (MiAaPQ)EBC5261494
|
| 035 |
|
|
|a (Au-PeEL)EBL5261494
|
| 035 |
|
|
|a (CaPaEBR)ebr11509337
|
| 035 |
|
|
|a (OCoLC)1022779496
|
| 040 |
|
|
|a MiAaPQ
|b eng
|e rda
|e pn
|c MiAaPQ
|d MiAaPQ
|
| 050 |
|
4 |
|a HG4529.5
|b .A896 2018
|
| 082 |
0 |
|
|a 332.6
|2 23
|
| 245 |
0 |
0 |
|a Asymmetric dependence in finance :
|b diversification, correlation and portfolio management in market downturns /
|c edited by Jamie Alcock, Stephen Satchell.
|
| 264 |
|
1 |
|a Chichester, West Sussex, England :
|b Wiley,
|c 2018.
|
| 264 |
|
4 |
|c 2018
|
| 300 |
|
|
|a 1 online resource (313 pages) :
|b illustrations.
|
| 336 |
|
|
|a text
|2 rdacontent
|
| 337 |
|
|
|a computer
|2 rdamedia
|
| 338 |
|
|
|a online resource
|2 rdacarrier
|
| 490 |
1 |
|
|a Wiley finance Series
|
| 504 |
|
|
|a Includes bibliographical references at the end of each chapters and index.
|
| 588 |
|
|
|a Description based on print version record.
|
| 590 |
|
|
|a Electronic reproduction. Ann Arbor, MI : ProQuest, 2018. Available via World Wide Web. Access may be limited to ProQuest affiliated libraries.
|
| 650 |
|
0 |
|a Portfolio management.
|
| 655 |
|
4 |
|a Electronic books.
|
| 700 |
1 |
|
|a Alcock, Jamie,
|d 1971-
|e editor.
|
| 700 |
1 |
|
|a Satchell, S.
|q (Stephen),
|e editor.
|
| 776 |
0 |
8 |
|i Print version:
|t Asymmetric dependence in finance : diversification, correlation and portfolio management in market downturns.
|d Chichester, West Sussex, England : Wiley, c2018
|h xiv, 296 pages
|k Wiley finance series.
|z 9781119289012
|w 2017058043
|
| 797 |
2 |
|
|a ProQuest (Firm)
|
| 830 |
|
0 |
|a Wiley finance series.
|
| 856 |
4 |
0 |
|u https://ebookcentral.proquest.com/lib/matrademy/detail.action?docID=5261494
|z Click to View
|